00455nam a22000977a 4500008004100000082001800041110005000059245015100109260008400260300001300344230605b xxu||||| |||| 00| 0 eng d a328.307bCPST bCentre for Parliamentary Studies and Training aInformation, Communication and Public Paticipation and Outreach for the LegislaturebA Manual of the Centre for Parliamentary Studies and Training aNairobi, KenyabThe Centre for Parliamentary Studies and TrainingcJanuary,2015 aXII,202p